Most Republican and Democrat US States in the 2008 Election - Statistics

General Stats
  • This quiz has been taken 196 times
  • The average score is 8 of 10
Answer Stats
Answer % Correct
Democrat (Barack Obama) 62.88 New York
86%
Democrat (Barack Obama) 67.46 Vermont
83%
Democrat (Barack Obama) 71.85% Hawaii
80%
Republican (John McCain) 64.78 Wyoming
80%
Republican (John McCain) 61.52 Idaho
79%
Republican (John McCain) 62.58 Utah
76%
Republican (John McCain) 60.32 Alabama
74%
Republican (John McCain) 65.65% Oklahoma
74%
Democrat (Barack Obama) 62.86 Rhode Island
71%
Democrat (Barack Obama) 61.94 Delaware
65%
No matching quizzes found
Score Distribution
Percent of People with Each Score
Percentile by Number Answered
Your Score History
You have not taken this quiz